Status of coral and its associated Fauna in Landfall, Peacock, Table Delgarno and Trilby islands sanctuaries, North Andaman/ (Record no. 195774)

MARC details
000 -LEADER
fixed length control field 00677nam a22001937a 4500
005 - DATE AND TIME OF LATEST TRANSACTION
control field 20230420145519.0
010 ## - LCCN (DPL NO)
LC control number ENG-136732
020 ## - INTERNATIONAL STANDARD BOOK NUMBER
Terms of availability 1620.00
International Standard Book Number 9788181715166
035 ## - SYSTEM CONTROL NUMBER
System control number EN-120264
037 ## - SOURCE OF ACQUISITION
Source of stock number/acquisition DBAD/PUB
082 ## - DEWEY DECIMAL CLASSIFICATION NUMBER
Classification number 591.7789095436
100 ## - MAIN ENTRY--PERSONAL NAME
Personal name Raghunathan, C.
245 00 - TITLE STATEMENT
Title Status of coral and its associated Fauna in Landfall, Peacock, Table Delgarno and Trilby islands sanctuaries, North Andaman/
Remainder of title By C. Rafhunathan
260 ## - PUBLICATION, DISTRIBUTION, ETC. (IMPRINT)
Place of publication, distribution, etc Kolkata
Name of publisher, distributor, etc Zoological Survey Of India
Date of publication, distribution, etc 2018
270 ## - ADDRESS
City Kolkata
Address M- Block, New Alipore
Postal code 700006
300 ## - PHYSICAL DESCRIPTION
Extent 190p.;
Dimensions 24cm(pbk)
Other physical details ill.
500 ## - GENERAL NOTE
General note Includes index
942 ## - ADDED ENTRY ELEMENTS (KOHA)
Source of classification or shelving scheme Dewey Decimal Classification
Item type English Books
Call number suffix RAG
Classification part 591.7789095436
Holdings
Withdrawn status Lost status Not for loan Collection code Home library Current library Date acquired Source of acquisition Cost, normal purchase price Full call number Barcode Copy number Cost, replacement price Koha item type
      Non-fiction Shahdara Branch Shahdara Branch 20/04/2023 DBAD/PUB 1620.00 591.7789095436 RAG EN-120264 1 1620.00 English Books

© Delhi Public Library
Hit Counter
free hit counter